00689nam a2200241 a 4500001001300000003000900013005001700022008004100039020001100080082001300091100002100104245006200125260003100187300000900218500003500227505001000262650001500272700002100287902000800308942000700316952010900323999001500432nice12345678IN_TiNIC20260116011503.0050524s1963 bosa grp 000 0 eng  ac1.7500a190bWHI aWhlidste, Morton aSocial Thought in Americab the Revolt Against Formalism. aBostonbBoston Pressc1963 a301p aincludes index and biblioraphy2 aIndex aLiberalism1 aWhlidste, Morton bSRS cBK 001040708StackRoom-aHMIbHMId2007-03-19g1.75l0o190 WHIp02220r2007-03-19v1.75w2005-05-24yBK c1970d1970